Perspective (Record no. 118730)

MARC details
000 -LEADER
fixed length control field 00533cas a22001815a 4500
001 - CONTROL NUMBER
control field L109927
008 - FIXED-LENGTH DATA ELEMENTS--GENERAL INFORMATION
fixed length control field 070511d19972003xxkux p 0 a0eng u
035 ## - SYSTEM CONTROL NUMBER
System control number (Sirsi) u109927
041 0# - LANGUAGE CODE
Language code of text/sound track or separate title eng
110 2# - MAIN ENTRY--CORPORATE NAME
Corporate name or jurisdiction name as entry element Royal Institution of Chartered Surveyors
Subordinate unit Regeneration Forum
9 (RLIN) 4468
245 ## - TITLE STATEMENT
Title Perspective
Remainder of title The Newsletter of The Regeneration Forum
260 ## - PUBLICATION, DISTRIBUTION, ETC.
Place of publication, distribution, etc. London
Name of publisher, distributor, etc. RICS
Date of publication, distribution, etc. [1997?]-[2003]
362 0# - DATES OF PUBLICATION AND/OR SEQUENTIAL DESIGNATION
Dates of publication and/or sequential designation (2) Summer 1997-(18) July 2003
554 ## -
-- Irregular
651 #4 - SUBJECT ADDED ENTRY--GEOGRAPHIC NAME
Geographic name United Kingdom
Chronological subdivision
690 ## - LOCAL SUBJECT ADDED ENTRY--TOPICAL TERM (OCLC, RLIN)
Topical term or geographic name as entry element REGENERATION
942 ## - ADDED ENTRY ELEMENTS (KOHA)
Suppress in OPAC 0
Holdings
Withdrawn status Lost status Source of classification or shelving scheme Damaged status Not for loan Home library Current library Shelving location Date acquired Total Checkouts Full call number Barcode Date last seen Price effective from Koha item type
    Dewey Decimal Classification     London London Gallery 13/12/2000   PERS GALLERY (KEEP) 109927-1001 06/08/2019 06/08/2019 Journal